Československé devizové předpisy
Enregistré dans:
| Auteur principal: | |
|---|---|
| Autres auteurs: | , |
| Format: | Livre |
| Langue: | tchèque |
| Publié: |
Praha
Panorama
1982
|
| Collection: | Praktické příručky
|
| Tags: |
Pas de tags, Soyez le premier à ajouter un tag!
|
MARC
| LEADER | 00000nam a2200000 4500 | ||
|---|---|---|---|
| 001 | c128890 | ||
| 005 | 20041019155244.8 | ||
| 041 | 0 | |a cze | |
| 044 | |a CZ | ||
| 245 | 1 | 0 | |a Československé devizové předpisy |c Milan Bakeš, Antonín Malík, Soňa Mojžíšková |
| 264 | 1 | |a Praha |b Panorama |c 1982 | |
| 300 | |a 237 s. | ||
| 490 | 1 | |a Praktické příručky | |
| 830 | 0 | |a Praktické příručky | |
| 100 | 1 | |a Bakeš, Milan | |
| 700 | 1 | |a Malík, Antonín | |
| 700 | 1 | |a Mojžíšková, Soňa | |